| 000 | 03223nam a22003017a 4500 | ||
|---|---|---|---|
| 001 | 9139 | ||
| 003 | FISKH | ||
| 005 | 20251125105748.0 | ||
| 008 | 251125b cb ||||| |||| 00| 0 eng d | ||
| 020 | _a9789996301131 | ||
| 040 |
_aFISKH _bkhr _cFISKH _dFISKH |
||
| 082 | _a398.209596 | ||
| 100 | _aKimsun, Sotheary | ||
| 245 |
_aភ្នំដោះក្រមុំ : _bPhnom Doh Kromom ( Female breast mountain ) / _cរៀបរៀងដោយ អ្នកស្រី គឹមស៊ុន សុធារី , គណះកម្មការអំណាន លោក វ៉ាន់ សុភ័ក្រ្ត និង កញ្ញា ហេង ចរិយា |
||
| 260 |
_aPhnom Penh : _bReading Books , _c2011. |
||
| 300 |
_a22 pages : _bcolor illustrations ; _c25 cm . |
||
| 490 | _aពិភពរឿងនិទាន | ||
| 505 | _aJ | ||
| 520 | _aភ្នំដោះក្រមុំស្ថិតនៅក្នុងខេត្តមណ្ឌលគិរី ។ ការដាក់ឈ្មោះភ្នំនេះគឺយោងទៅតាមរូបរាងនៃភ្នំមានសភាពដូចសុដន់នារីក្រមុំព្រហ្មចារីកំពុងដេកផ្ងារ ។ មានបុរសម្នាក់ឈ្មោះស្រុះ និងស្រ្តីម្នាក់ឈ្មោះផ្លំអ្នកទាំងពីរចាប់ចិត្តស្រលាញ់គ្នា ។ ក្រោយមកផ្លំបានបាត់ខ្លួនអ្នកស្រុកមានជំនឿថាការបាត់ខ្លួនគឺដោយសារបារមីលោកយាយពីរនាក់ចង់អោយនាងមកថែរក្សាអ្នកស្រុកនៅម្តុំនេះ ។ ហើយនាងក៏សុំលោកយាយមកយកស្រុះមករស់នៅជាមួយនាង ។ ហើយលោកយាយក៏បានផ្តាំថាចាប់ពីថ្ងៃនេះតទៅសូមអោយអ្នកស្រុកហៅភ្នំនេះថា ភ្នំស្រុះផ្លំ វិញ ។ | ||
| 520 | _aPhnom Dos Kramom is located in Mondulkiri Province. The mountain received its name because its shape resembles the breasts of a young virgin woman lying on her back. There was a man named Sroh and a woman named Phlom who fell in love with each other. Later on, Phlom disappeared, and the villagers believed that her disappearance was due to the blessing of two ancestral spirits who wanted her to stay and take care of the people living in that area. Phlom then asked the ancestral spirits to bring Sroh to live with her. The spirits agreed and advised that from that day onward, the villagers should call the mountain “Phnom Sroh Phlom. | ||
| 521 | 8 |
_a500
_bLexile estimate |
|
| 521 | 8 |
_aJ
_bRaz-Plus |
|
| 650 |
_aភ្នំដោះក្រមុំ _vរឿងនិទានកុមារ |
||
| 650 |
_aPhnom Doh Kromom _vChildren's Stories |
||
| 700 |
_aSan, Thai _eIllustrator |
||
| 942 |
_2ddc _cKHB _n0 |
||
| 999 |
_c9139 _d9139 |
||